Persistent inequality : changing educational attainment in thirteen countries

Αποθηκεύτηκε σε:
Λεπτομέρειες βιβλιογραφικής εγγραφής
Κύριος συγγραφέας: Shavit, Yossi
Άλλοι συγγραφείς: Blossfeld, Hans-Peter
Μορφή: Βιβλίο
Γλώσσα:English
Δημοσίευση: Boulder : Westview Press, 1993
Σειρά:Social inequality series
Θέματα:
Ετικέτες: Προσθήκη ετικέτας
Δεν υπάρχουν, Καταχωρήστε ετικέτα πρώτοι!

MARC

LEADER 00000nam a2200000 i 4500
001 1/57510
008 020118s1993 eng d
020 |a 0-8133-1121-7 
035 |l 10000172 
040 |a GR-MY-UA  |b gre  |e aacr 
041 0 |a eng 
082 0 |a 370.1934 
100 1 |a Shavit, Yossi. 
245 1 0 |a Persistent inequality :  |b changing educational attainment in thirteen countries /  |c Yossi Shavit, Hans-Peter Blossfeld 
260 |a Boulder :   |b Westview Press,   |c 1993 
300 |a 396 p. 
490 1 |a Social inequality series 
650 0 0 |a Educational equalization  |x Cross-cultural studies. 
650 0 0 |a Education  |x Social aspects  |x Cross-cultural studies. 
650 0 0 |a Students  |x Social conditions  |x Cross-cultural studies. 
650 0 0 |a Academic achievement  |x Cross-cultural studies. 
700 1 |a Blossfeld, Hans-Peter. 
830 0 |a Social inequality series 
852 |a INST  |b RHODES  |e 20020118  |h 370.1934 SHA  |p 005400016767  |q 005400016767  |t BK  |y 0 
901 |a BIBL4-2002-1 
909 |a Ρ  |b 054469 
922 |a 4ΕΛΗ  |b 199803  |c ΒΙΤΣΙΛΑΚΗ  |d ΚΩΣΤΑΡΑΚΗΣ 
970 |a ΚΟΥΛΑΚΙΟΤΗ  |b ΛΙΤΣΑ  |z 2002/01/18